000
00277nam a22001217a 4500
999
_c
13317
_d
13317
020
_a
978-969-210-294-0
082
_a
658.8005
_b
10386
100
_a
Dr. M.M.A Feeroze
245
_a
Operations Research
260
_a
Karachi
_b
Paramount Book
_c
2021
300
_a
274
942
_c
BK